000 nam a22 7a 4500
999 _c232823
_d232823
003 Nust
005 20170223151926.0
008 170223b xxu||||| |||| 00| 0 eng d
040 _cDLC
082 _a624.1833 EDI
100 _aEdison,Michael P.
245 _aNatural Cement
_cEdison,Michael P.
700 _aEdison ; ; Michael P
942 _2ddc
_cBK